Success & motivation/ (Record no. 172913)

MARC details
000 -LEADER
fixed length control field 00592nam a22002057a 4500
005 - DATE AND TIME OF LATEST TRANSACTION
control field 20200214144314.0
008 - FIXED-LENGTH DATA ELEMENTS--GENERAL INFORMATION
fixed length control field 080922t xxu||||| |||| 00| 0 eng d
010 ## - LCCN (DPL NO)
LC control number ENG-127846
020 ## - INTERNATIONAL STANDARD BOOK NUMBER
Terms of availability 595.00
035 ## - SYSTEM CONTROL NUMBER
System control number EN-111378
037 ## - SOURCE OF ACQUISITION
Source of stock number/acquisition DBAD / PUB
040 ## - CATALOGING SOURCE
Language of cataloging English
082 ## - DEWEY DECIMAL CLASSIFICATION NUMBER
Classification number 158.1
100 ## - MAIN ENTRY--PERSONAL NAME
Personal name Rastogi,R.C
245 ## - TITLE STATEMENT
Title Success & motivation/
Statement of responsibility, etc by R.C.Rastogi
260 ## - PUBLICATION, DISTRIBUTION, ETC. (IMPRINT)
Place of publication, distribution, etc Delhi
Name of publisher, distributor, etc Gupta communication
Date of publication, distribution, etc 2019
270 ## - ADDRESS
Address 6/49,1st floor,Gali No-05,Vishwas Nagar,Shahdara
City Delhi
Postal code 110094
300 ## - PHYSICAL DESCRIPTION
Extent 200p.
Dimensions 22cm(hb)
942 ## - ADDED ENTRY ELEMENTS (KOHA)
Source of classification or shelving scheme Dewey Decimal Classification
Item type English Books
Call number suffix RAS
Classification part 158.1
Holdings
Withdrawn status Lost status Source of classification or shelving scheme Damaged status Not for loan Collection code Home library Current library Date acquired Source of acquisition Cost, normal purchase price Total Checkouts Total Renewals Full call number Barcode Date last seen Copy number Cost, replacement price Koha item type
    Dewey Decimal Classification     Non-fiction Central Library Central Library 14/02/2020 DBAD/PUB 595.00 14 7 158.1 RAS EN-111378 16/10/2024 1 595.00 English Books

© Delhi Public Library
Hit Counter
free hit counter